| 000 | 00892nam a2200265Ia 4500 | ||
|---|---|---|---|
| 003 | OSt | ||
| 005 | 20221005061153.0 | ||
| 006 | a|||||r|||| 00| 0 | ||
| 007 | ta | ||
| 008 | 221004b |||||||| |||| 00| 0 eng d | ||
| 020 |
_a9781138804531 (pbk) _c695 |
||
| 024 | _a24671 | ||
| 037 |
_b115, 04/12/2015, Excel Book International _cTextual |
||
| 040 |
_aCRL _cCRL _beng |
||
| 041 |
_2eng _aeng |
||
| 082 | _aX8(J).44Q7, Q5 | ||
| 100 |
_aAli Syed Mohammad _9600281 |
||
| 245 | 0 |
_aDevelopment, poverty, and power in Pakistan _b The impact of state and donor interventions on farmers |
|
| 260 |
_aLondon _bRoutledge UK _c2015 |
||
| 300 |
_axvi, 167p. _ccm. |
||
| 490 | _aRoutledge contemporary south asia series | ||
| 650 | _aECONOMICS | ||
| 942 |
_hX8(J).44Q7, Q5 _cTEXL _2cc |
||
| 999 |
_c967786 _d967786 |
||